Y tembló la tierra...

I tiakina i:
Ngā taipitopito rārangi puna kōrero
Kaituhi matua: Bustos Quezada, Manlio (Author)
Hōputu: Pukapuka
Reo:Pāniora
I whakaputaina: Santiago, Chile Entrecerros 1956
Ngā marau:
Ngā Tūtohu: Tāpirihia he Tūtohu
Kāore He Tūtohu, Me noho koe te mea tuatahi ki te tūtohu i tēnei pūkete!

MARC

LEADER 00000nam a2200000 a 4500
001 UCP8349
003 CL-VaPUC
005 20250328093700.0
008 000114e19560000cl |||||||||||||||||spa|d
999 |c 285281  |d 285279 
040 |c Pontificia Universidad Católica de Valparaíso 
082 0 4 |a 983.0643 BUS 1956  |2 21 
100 0 |a Bustos Quezada, Manlio  |e author  |9 438285 
245 1 0 |a Y tembló la tierra... 
246 |a Pisagua:  |b  campo de concentración 
260 |a Santiago, Chile  |b Entrecerros  |c 1956 
300 |a 256 páginas 
583 |a last modification  |c 20180104 01:44:36  |k Rodrigo Vera 
650 0 |a Historia de Chile  |9 265473 
650 0 |a Relatos personales  |z CHILE  |9 255122 
650 0 |a Ideologías  |z CHILE  |9 255200 
650 7 |a NACIONALISMO  |2 CL-VaPUC  |9 438286  |z CHILE 
852 |a BIBCUR 
942 |c BK  |2 ddc 
945 |d 20000114 00:00:00  |a rherrera 
952 |0 0  |1 0  |2 ddc  |4 0  |6 983_064300000000000_BUS_1956  |7 0  |8 A  |9 329757  |a BIBHIS  |b BIBHIS  |d 2019-11-20  |i 1375792  |o 983.0643 BUS 1956  |p 1375792  |r 2025-01-20  |t 1  |w 2019-11-20  |y BK  |k HIS